| 000 | 00924cam a2200289 a 4500 | ||
|---|---|---|---|
| 001 | 28733 | ||
| 003 | BD-RJUL | ||
| 005 | 20211209051325.0 | ||
| 008 | 140331s1954 enk 001 0 eng d | ||
| 020 | _a0460009958 | ||
| 035 | _a(BD-RJUL)28815 | ||
| 040 |
_aBD-RjUL _beng _cBD-RjUL |
||
| 041 | _aeng | ||
| 082 |
_a944.05 _bNAN 1954 |
||
| 100 | 0 |
_aNapoleon _bI, _d1769-1821. _987912 |
|
| 245 | 1 | 0 |
_aNapoleon's letters / _cselected, translated, and edited by J.M. Thompson. |
| 260 |
_aLondon : _bDent ; _aNew York : _bDutton, _c1954. |
||
| 300 |
_a312 p. ; _c19 cm. |
||
| 490 | 1 |
_aEveryman's library ; _vno. 995 |
|
| 504 | _aIncludes index | ||
| 600 | 0 | 0 |
_aNapoleon _cEmperor of the French, _d1769-1821 _987921 |
| 830 | 0 |
_vno. 995. _987922 |
|
| 700 | 1 |
_aThompson, J. M. _q(James Matthew), _d1878-1956. _976017 |
|
| 830 | 0 |
_aEveryman's library ; _987923 |
|
| 942 |
_2ddc _cBK |
||
| 999 |
_c28733 _d28733 |
||